[Event "CAN-ch U10"]
[Site "Vancouver"]
[Date "2012.07.05"]
[Round "6"]
[White "Low, Ethan"]
[Black "Wang, Tim"]
[Result "0-1"]
[WhiteElo "843"]
[BlackElo "768"]
[PlyCount "82"]
[EventDate "2012.07.03"]
[EventType "swiss"]
[EventRounds "7"]
[EventCountry "CAN"]
[SourceTitle "EXT 2022"]
[Source "ChessBase"]
[SourceDate "2021.10.06"]
[SourceVersion "1"]
[SourceVersionDate "2021.10.06"]
[SourceQuality "1"]

1. d4 d5 2. Bf4 Nf6 3. e3 Nbd7 4. Bd3 c5 5. c3 c4 6. Bc2 e6 7. Nf3 a5 8. Nbd2 b5 9. e4 Nb6 10. e5 Nfd7 11. b3 b4 12. cxb4 axb4 13. bxc4 dxc4 14. Qe2 Bb7 15. Nxc4 Nxc4 16. Qxc4 Bxf3 17. gxf3 Rc8 18. Qd3 Rc7 19. Rc1 b3 20. axb3 Qc8 21. Bd2 Ba3 22. Ra1 Bb2 23. Bb1 Bxa1 24. Ke2 Qb8 25. Rc1 Rc8 26. Rxc8+ Qxc8 27. f4 g6 28. h4 0-0 29. h5 Rd8 30. hxg6 fxg6 31. d5 Nc5 32. Qg3 Qa6+ 33. Kf3 Qa8 34. Ke2 Qxd5 35. Bxg6 Qxd2+ 36. Kf1 Nb7 37. Be4+ Kh8 38. Bxb7 Rd3 39. Qh2 Rd8 40. Be4 Qd1+ 41. Kg2 Rg8+ 0-1

[Event "CAN-ch U10"]
[Site "Vancouver"]
[Date "2012.07.05"]
[Round "5"]
[White "Wang, Tim"]
[Black "Gaisinsky, Adam"]
[Result "0-1"]
[WhiteElo "768"]
[BlackElo "904"]
[PlyCount "76"]
[EventDate "2012.07.03"]
[EventType "swiss"]
[EventRounds "7"]
[EventCountry "CAN"]
[SourceTitle "EXT 2022"]
[Source "ChessBase"]
[SourceDate "2021.10.06"]
[SourceVersion "1"]
[SourceVersionDate "2021.10.06"]
[SourceQuality "1"]

1. e4 c6 2. Bc4 d5 3. Bb3 dxe4 4. f3 exf3 5. Qxf3 Nf6 6. Nc3 Bg4 7. Qf4 Qd6 8. Qc4 Qe6+ 9. Nge2 Qxc4 10. Bxc4 e6 11. d3 Bc5 12. b3 b5 13. Bb2 bxc4 14. Ne4 Nxe4 15. dxe4 f6 16. Nf4 e5 17. Ne2 0-0 18. h3 Bxe2 19. Kxe2 cxb3 20. cxb3 Na6 21. Rad1 Rad8 22. Rd2 Rxd2+ 23. Kxd2 Rd8+ 24. Kc1 Be3+ 25. Kc2 Nb4+ 26. Kb1 Rd2 27. Bc3 Rxa2 28. Bxb4 Rxg2 29. Re1 Bd4 30. Rd1 Rb2+ 31. Ka1 Rxb3+ 32. Ka2 Rxb4 33. Rxd4 exd4 34. e5 fxe5 35. h4 d3 36. h5 d2 37. h6 d1Q 38. hxg7 Qa4# 0-1

[Event "CAN-ch U10"]
[Site "Vancouver"]
[Date "2012.07.04"]
[Round "3"]
[White "Surya, Benito"]
[Black "Wang, Tim"]
[Result "1-0"]
[WhiteElo "892"]
[BlackElo "768"]
[PlyCount "55"]
[EventDate "2012.07.03"]
[EventType "swiss"]
[EventRounds "7"]
[EventCountry "CAN"]
[SourceTitle "EXT 2022"]
[Source "ChessBase"]
[SourceDate "2021.10.06"]
[SourceVersion "1"]
[SourceVersionDate "2021.10.06"]
[SourceQuality "1"]

1. d4 d5 2. Nf3 c5 3. dxc5 b6 4. Nc3 e6 5. Bf4 Nc6 6. e3 Nf6 7. Bb5 Bd7 8. 0-0 bxc5 9. Ba6 h6 10. Nb5 Nb4 11. Bc7 Qe7 12. Nd6+ Qxd6 13. Bxd6 Bxd6 14. Bc4 dxc4 15. Qxd6 Ne4 16. Qd1 Ba4 17. b3 cxb3 18. axb3 Bb5 19. c4 Rd8 20. Qb1 Nc3 21. Qb2 Ne4 22. cxb5 Ng5 23. Nxg5 hxg5 24. Qxg7 Ke7 25. Qxg5+ f6 26. Qg7+ Kd6 27. Rfd1+ Nd5 28. e4 1-0

[Event "CAN-ch U10"]
[Site "Vancouver"]
[Date "2012.07.03"]
[Round "1"]
[White "Wang, Tim"]
[Black "Chertkow, Matthew"]
[Result "0-1"]
[WhiteElo "768"]
[BlackElo "868"]
[PlyCount "60"]
[EventDate "2012.07.03"]
[EventType "swiss"]
[EventRounds "7"]
[EventCountry "CAN"]
[SourceTitle "EXT 2022"]
[Source "ChessBase"]
[SourceDate "2021.10.06"]
[SourceVersion "1"]
[SourceVersionDate "2021.10.06"]
[SourceQuality "1"]

1. e4 e5 2. Bc4 Nc6 3. Qf3 Nf6 4. Ne2 d6 5. Nbc3 Bg4 6. Qd3 Nb4 7. Qe3 Nxc2+ 8. Kd1 Nxe3+ 9. fxe3 Bxe2+ 10. Kxe2 Qe7 11. Nd5 Nxd5 12. Bxd5 0-0-0 13. a4 Qg5 14. Rg1 Qh5+ 15. Ke1 Be7 16. Ra3 Qxh2 17. Kf1 Bh4 18. Rb3 c6 19. Bxf7 Qg3 20. Be6+ Kb8 21. Ke2 Qf2+ 22. Kd1 Qxg1+ 23. Kc2 d5 24. d4 dxe4 25. a5 exd4 26. exd4 Rxd4 27. Be3 Qd1+ 28. Kc3 Rd3+ 29. Kc4 Qxb3+ 30. Kc5 Be7# 0-1